000 05032nam a22003257a 4500
005 20111011101659.0
010 _aB-444285-289
020 _c25.00
_a8182637104
035 _aB-444285-289
037 _bबल्यूबैरी बुक्स
082 _a
100 _aसेशाद्री, वीना
_938059
245 _aगुस्सैल गस /
_c वीना सेशाद्री ; ग्रेस्ट्रोक द्वारा चित्रांकित; ऋतु सिंह द्वारा हिन्दी में अनुदित
246 _a
_b
250 _a2रा संस्क.
260 _aनई दिल्ली
_bप्रथम बुक्स
_c2010
270 _aबी-3/4, प्रथम तल, सफदरज़ंग एन्क्लेव
_bनई दिल्ली
_e110 029
_k011-65684113
_l
_mwww.prathambooks.org
300 _a16पृ.;
_c24सेमी (अजिल्द)
_bसचित्र
490 _a
_938060
500 _aनॉरवे की एक लोककथा
700 _aग्रेस्ट्रोक के. विजया
_932269
700 _aसिंह, ऋतु
_935429
942 _2ddc
_cCH
_mसेशाद्री
_h
999 _c57495
_d57495